000
00420nam a2200133Ia 4500
008
151001s9999||||xx |||||||||||||| ||und||
100
_a
भा गो घाणेकर
245
_a
आत्मनिवेदन आणि हिंदू विश्वविद्यालय दर्शन
250
_a
3
260
_b
केशरी प्रकाशन
260
_c
1972
300
_a
511
365
_b
18
999
_c
958154
_d
958151